00649nam a22001697a 4500003000500000038001800005082000800023100002400031245014600055264003300201650002700234700004300261856005800304942001200362999001900374952008600393NUST aNusrat Nadeem a200 aKarim, Hira9132654 aSustainable and Green Utility of Amino Acids based Ionic Liquids for CO2 Sorption: Computational and Experimental Investigations/cHira Karim aIslamabad:bSNS NUST.c2025. aPhD-Chemistry 9123166 aSupervisor: Dr. Muhammad Arfan9132655 u http://10.250.8.41:8080/xmlui/handle/123456789/57057 2ddccSC c615745d615745 00104070aCLbCLcTHEd2026-01-01l0o200pCLPT-787r2026-01-01w2026-01-01ySC